00757nam a2200241Ia 4500008004100000020001800041050001700059050001600076100002100092245003000113245003500143245002100178260001300199260002900212260000900241300001600250300001200266500005100278650002600329650001900355999001900374952012200393160216s9999 xx 000 0 und d a0-7619-4238-6 aMAIN LC 3986 b.G7F37 2004 aFarrell, Michael aSpecial education needs : ba resource for practitioners / cMichael Farrell. aLondon : bPaul Chapman Publishing. c2004 a160 pages : c24 cm.  aIncludes bibliographical references and index. aSpecial education --  xGreat Britain. c290864d290864 001040aSMCbSMCcRESd0000-00-00g2.00l0oMAIN LC 3986 .G7F37 2004pSMC02017r2016-02-16 00:00:00w2016-02-16yBK